Sports Quiz

Random Sports or Golf Quiz

PGA Player of the Year Winners Quiz Stats

 Plays Quiz Updated Feb 3, 2021

Support Sporcle.
Go Orange.
Score 0/72 Timer 06:00
0 Plays Today
Year Winner % Correct
1997Tiger Woods
99.6%
1999Tiger Woods
99.6%
2000Tiger Woods
99.6%
2001Tiger Woods
99.6%
2002Tiger Woods
99.6%
2003Tiger Woods
99.6%
2005Tiger Woods
99.6%
2006Tiger Woods
99.6%
2007Tiger Woods
99.6%
2013Tiger Woods
98.9%
1967Jack Nicklaus
87.7%
1972Jack Nicklaus
87.7%
1973Jack Nicklaus
87.7%
1975Jack Nicklaus
87.7%
1976Jack Nicklaus
87.7%
1960Arnold Palmer
86.8%
1962Arnold Palmer
86.8%
2015Jordan Spieth
72.3%
2016Dustin Johnson
72.3%
2004Vijay Singh
71.5%
2012Rory McIlroy
69.6%
2014Rory McIlroy
69.6%
2009Tiger Woods
66.4%
2019Brooks Koepka
64.9%
2018Brooks Koepka
64.6%
2020Justin Thomas
64.3%
1977Tom Watson
60%
1978Tom Watson
60%
1979Tom Watson
60%
1980Tom Watson
60%
1982Tom Watson
60%
1984Tom Watson
60%
1948Ben Hogan
57.5%
1950Ben Hogan
57.5%
1951Ben Hogan
57.5%
1953Ben Hogan
57.5%
Year Winner % Correct
2017Justin Thomas
56%
1995Greg Norman
55.7%
1949Sam Snead
52.2%
1990Nick Faldo
52.2%
1971Lee Trevino
45.9%
2008Padraig Harrington
45.3%
1992Fred Couples
37.3%
1998Mark O'Meara
33.1%
1989Tom Kite
29.2%
1993Nick Price
28.7%
1994Nick Price
28.7%
2011Luke Donald
26.4%
1974Johnny Miller
25.1%
1988Curtis Strange
19.3%
1991Corey Pavin
17.4%
1996Tom Lehman
17.2%
1987Paul Azinger
16.4%
2010Jim Furyk
15.1%
1966Billy Casper
15.1%
1970Billy Casper
15.1%
1964Ken Venturi
9.3%
1983Hal Sutton
9%
1985Lanny Wadkins
7.6%
1952Julius Boros
7.4%
1963Julius Boros
7.4%
1986Bob Tway
7%
1981Bill Rogers
5.6%
1969Orville Moody
5.4%
1956Jack Burke
4.6%
1955Doug Ford
4.5%
1959Art Wall
4.1%
1961Jerry Barber
3.7%
1958Dow Finsterwald
3.2%
1965Dave Marr
2.9%
1954Ed Furgol
2.3%
1957Dick Mayer
2.1%

From the Vault

Four-Letter Words in Movie Titles

by aduchscher

Movies 3m
These are some four-letter words that won't get bleeped when the movie is shown on TV.
Remove Ads.
Support Sporcle.
Get the best of Sporcle when you Go Orange. This ad-free experience offers more features, more stats, and more fun while also helping to support Sporcle. Thank you for becoming a member.

Show Comments

Extras

Top Quizzes Today


Score Distribution

Your Account Isn't Verified!

In order to create a playlist on Sporcle, you need to verify the email address you used during registration. Go to your Sporcle Settings to finish the process.

Report this User

Report this user for behavior that violates our Community Guidelines.

Details: